00301nam a22001097a 4500008004100000020001500041082001600056245007900072260002200151300001200173440000600185230627b xxu||||| |||| 00| 0 eng d a0755718992 a338.4bJOI  aSecond ReportbProvision of a National High Speed Broadband Infrastructure bStationery Office aXX,180p v1